000 00873nam a2200205 a 4500
001 000383153
003 AM-YeHGA
005 20250618072321.0
008 041116s1990 ai 000 | arm d
020 _a5807702794
040 _aAM-YeHGA
041 0 _aarm
245 1 0 _aԱրևն ու ցողը :
_bԲանաստեղծություններ, չափածո հեքիաթ /
_cՀոբոս Ապեր (Հովհաննես Գասպարի Անդրեասյան); Խմբ.՝ Է. Մակարյան; Նկ.՝ Ս. Սաֆյան.
260 _aԵրևան :
_bԱրևիկ,
_c1990.
300 _a36 էջ :
_bդիմանկ., գունանկ. ;
_c17 սմ.
650 1 4 _aՀայ մանկական գրականություն
_xԺողովածու
700 1 _aՄակարյան, է.Ա.
_eխմբ.
_4edt
700 1 _aՍաֆյան, Սպարտակ Գևորգի,
_d1929-2001
_eնկ.
_4art
_94028
090 _c147500
999 _c146114
_d146114